Statistiques concernant Culture Générale - Série 1202

Cliquez ici pour prendre le quiz!

Statistiques générales

  • Ce quiz a été pris 43 fois
  • Le résultat moyen est 5 sur 10

Statistiques - réponses

Question Réponse % Correct
Que signifient les initiales D.J. quand on parle d'une personne qui passe de la musique dans une discothèque ?disc-jockey
90%
Dans quel département français les villes de Biarritz et de Pau se situent-elles ?Pyrénées-Atlantiques
75%
Depuis combien d'années un couple fêtant ses noces de perle est-il marié ?30 ans
68%
Quelle était la nationalité d'origine du compositeur Jean-Baptiste Lully ?italienne
60%
Dans la série des Harry Potter, quel est le nom de famille de Hermione, l'amie de Harry ?Granger
55%
Quelle déesse grecque, fille de Zeus et de Léto, est la soeur jumelle d'Apollon ?Artémis
43%
Dans quel département la Loire prend-elle sa source ?Ardèche
30%
Sous quel nom Eugène Grindel, auteur du poème "Liberté" est-il plus connu ?Paul Eluard
23%
Quel écrivain est l'auteur des "Contes pour enfants pas sages", publiés en 1947 ?Jacques Prévert
23%
En 1970, qui présente l'émission littéraire "Post-scriptum" ?Michel Polac
3%

Distribution des résultats

Percentile par nombre de réponses

% des personnes avec chaque résultat

Votre développement - résultats

Vous n’avez pas pris ce quiz